000 00544nam a2200205Ia 4500
005 20250923144432.0
008 008 250917s9999 xx 000 0 eng d
037 _aTextual
040 _aDSWL
_beng
_cDSWL
041 _aeng
_2eng
084 _aY149:::3:N4, J2
_qDSWL
100 _aZweig, Ferdynand
_9824859
245 4 _aThe British worker
_cby Ferdynand Zweig
260 _c1952
300 _a243 p.
365 _aINR
_b2.6
925 _g2.6
942 _cTEXL
_hY149:::3:N4, J2
999 _c1438853
_d1438853